| 000 | 00984nam a2200289 i 4500 | ||
|---|---|---|---|
| 001 | bg | ||
| 100 | 1 | _aRIVERS, William L. | |
| 245 | 1 | 0 |
_aEtyka środków przekazu / _cWilliam L. Rivers, Cleve Mathews ; przekł. [z ang.] Jan Zakrzewski, Ewa Krasnodębska. |
| 246 |
_iTyt. oryg.: _aEthic for the media |
||
| 260 |
_aWarszawa : _b"Ars Polona" : _bWydawnictwa Artystyczne i Filmowe, _c1995. |
||
| 300 |
_a315 s. ; _c23 cm. |
||
| 500 | _aOryg. : "Ethic for the media" 1988. | ||
| 504 | _aIndeksy. | ||
| 650 | 9 |
_aŚrodki masowego przekazu _xetyka |
|
| 650 | 9 |
_aŚrodki masowego przekazu _xprawo _zStany Zjednoczone |
|
| 650 | 9 |
_aZawód _xetyka |
|
| 700 | 1 | _aMATHEWS, Cleve | |
| 020 | _a8322106580 (WAiF) | ||
| 020 | _a8385889310 ("Ars Polona") | ||
| 040 | _cBPK | ||
| 041 | 0 |
_apl _hen |
|
| 080 | _a659.3:174:[659.3:347.56:342.7](73) | ||
| 920 | _a83-221-0658-0 (WAiF) | ||
| 920 | _a83-85889-31-0 ("Ars Polona") | ||
| 942 | _cKS | ||
| 008 | s pl f |000 0 pol | ||
| 999 |
_c33569 _d33569 |
||
| 856 |
_uhttp://koha.tu.koszalin.pl/cgi-bin/koha/opac-detail.pl?biblionumber=33569 _yKatalog online BPK |
||